00519nam a2200145Ia 4500003000900000008004100009020002600050040001600076100002500092245006800117260003200185300002000217490003300237856010300270IN-BaIIA211028s9999 xx s 000 0 eng d a9780819442093 (Print) cIIA Library aHoover, Richard, ed. 0aInstruments, Methods, and Missions for Astrobiology IVh[eBook] aWashington, USAbSPIEc2002 aOnline resource aProceedings of SPIE; V. 4495 uhttps://www.spiedigitallibrary.org/conference-proceedings-of-spie/4495yClick Here to Access eBook